000
00289nam a22001217a 4500
008
170502b xxu||||| |||| 00| 0 eng d
041
_a
eng
080
_2
5 ED
_a
342
100
_a
13
101
_a
SHJ
245
_a
MUNICIPAL PUBLIC WORKS ADMINISTRATION
_c
NOLTING.O.F
942
_2
udc
_c
BK
999
_c
12463
_d
12463